03776nab a22006857 4500003000900000022001400009040001800023041000800041044000700049245003800056260002500094300004300119505001100162505001300173505002400186505002400210505016300234505001900397505002100416505011300437505002200550505008300572505002300655505002600678505015400704505003200858505012700890505003201017505002901049505018401078505002201262505016101284505002801445505003201473505008401505505002701589505001701616505015101633505002601784505002601810505006901836505002601905505007601931505002902007505010602036505007802142505006802220505004602288505018202334505001802516505008302534505005202617505004402669505005902713505006302772505006402835505008402899650003302983773007403016AR-RoUNA a0327-9022 aAR-RoUNAbspa aspa aag aSumma+ /bBODEGAS / LABORATORIOS  aBuenos Aires ,c1993 a128 p. :bil. byn.bplanosc34 X25 cm.0 tINDICE0 tCONTENTS0 tBODEGAS - ARGENTINA0 tMATERIAL INDUSTRIAL0 aAFT Arqs.- Gastón Atelman- Martín Fourcade - Alfredo Tapia - Antonio Funes / Nueva Planta Bodega Navarro Correas - Diageo Argentina, Mendoza, 2009. p . 60 tBODEGA - CHILE0 tORIGAMI DE METAL0 aTFPS (Taller FAM - PINOCHET - SUÁREZ) / Bodega y oficinas comerciales Huanacu LDTA., Santiago, 2008. p. 180 tBARRAS VINCULADAS0 aFrancisco Izquierdo Arq. / Bodega Vinos Ventolera, Valle de Leyda, 2009. p. 260 tBODEGAS - ESPAÑA0 tTOPOGRAFÍA DIRIGIDA0 aKonkrit Blu arq. Sandra Hernández, Álvaro Solís / Nueva Bodega y oficinas para Bodegas y Viñedos Qumrán, Peñafiel Valladolid, 2009. p. 340 tENSAYO - BRASILIA 50 AÑOS0 aRoberto Segre y José Barki / Oscar Niemeyer y Lúcio Costa: La genealogía del Palacio del Congreso en Brasilia. p. 420 tLABORATORIO - BUENOS AIRES0 tPABELLÓN TECNOLÓGICO0 aFabían de la fuente, Raúl Pieroni, Guillermo Daniel Raddvero, Marta Alejandra Oghievski / Laboratorio de Biotecnología Inta-Castellar, Provincia de Buenos Aires, 2008. p. 480 tCAJAS SUSPENDIDAS0 aAlexandre Ribeiro Gonçalves / Laboratorio de Investigación Ecológica y Educación científica de la Universidad Estadual de Goiás, Brasil. p. 20080 tLABORATORIOS - ESPAÑA0 tLA CONDICION DEL TERRITORIO0 aJosé Juan Barba / Centro de interpretación de los Ríos, Esla, 2008. p. 620 tRECICLAJES - ARGENTINA0 tATRIO URBANO0 tMC Cormack asociados - Sebastián Balbuena - Mike MC Cormack - Pedro Wofcy / Los Molinos Building, Ciudad autónoma de Buenos Aires, 2010. p. 680 tRECICLAJES - ESPAÑA0 tPERDURAR EN LA CIUDAD0 aBaas, arqs. / Museo Can Framis en el 22@, Barcelona, 2008. p. 760 tDOCUMENTOS - HISTORIA0 tMEMORIA VIVIA DE LAS OBRAS DE SALUBRIDAD Y DE LA ARQUITECTURA PORTEÑA0 tSUSTENTABILIDAD - TEORIA0 aSilvia de Schiller y John Martin Evans / Desarrollo y sustentabilidad del hábitat construido. p. 960 aSilvia de Schiller y Johns Martin Evans / Proyectos demostrativos. p. 1010 aJulián Martin Evans / Sustentabilidad en arquitectura. p. 1040 aBradley Wheeler / Prototipo Solar. p. 1060 aFacultad de arquitectura y Diseño de paisaje - Universidad de Arizona - Estuadiantes y Profesores / Vivienda experimental de Energía Solar Seed (Pod), Estados Unidos. p. 1060 tREBROTE VERDE0 aRiddel Architecture / Casa Autosuficiente, Queensland, Australia, 2010. p. 1120 aIgnacio Ros de Olano / Londres en papel. p. 1190 aFernando Diez / Más que casas. p. 1210 aRoberto Fernández / Carpintería de colores. p. 1220 aCayetana Mercè / Alemanes que vuelven a Frankurt. p. 1260 aMario Sabugo / Sentado frente al mar ( Puerto Mont). p. 1270 aCarlos Gustavo Giménez / Roberto Burle Marx: El poeta de los jardines. p. 128 aArquitectura contemporánea0 aSumma+dBuenos Aires, ArgentinagNº108 (jun-2010), p. 128x0327-9022